01396cam a2200301 i 450000100090000000300090000900500170001800800410003502000190007602000150009504000330011008200210014310000330016424500670019726400380026426400100030230000340031233600260034633700280037233800270040050400510042750503730047865000450085165500170089694200120091399900170092595201520094215965326EG-ScBUE20230807092826.0091029t2010 nyub f b 001 0 eng d a9781568584270  a156858427X aDLCbengerdacDLCdEG-ScBUE04a909.831222bHIR1 aHiro, Dilip,eauthor.92279210aAfter empire :bthe birth of a multipolar world /cDilip Hiro. 1aNew York :bNation Books,c[2010] 4cc2010 av, 348 pages :bmaps ;c25 cm 2rdacontentatextbtxt 2rdamediaaunmediatedbn 2rdacarrieravolumebnc aIncludes bibliographical references and index.0 aRise and fall of the bi-polar world -- America's place in the sun-eclipsed by wars and fiscal meltdown -- Return of the Russian bear -- Iran and Venezuela : oil fuels defiance -- China : the peaceful rise of a giant -- India strives -- European Union, work in progress -- Democracy : one size doesn't fit all -- Soft power challenges to America -- Future flash points. 7aWorld politicsy2005-2015.2BUEsh922793 vReading book 2ddccBB c15049d15049 00102ddc40708AUCaMAINbMAINc2NDd2011-04-03epurchaseg132.00l4m48o909.831 HIRp000023105r2025-07-15 00:00:00s2017-10-31w2011-04-03yBB